|
|
|
|
| LEADER |
00000nam a2200000 a 4500 |
| 001 |
vtls001146764 |
| 003 |
SK-MaSNL |
| 005 |
20260301151635.0 |
| 008 |
250414s1983 SU 0 rus |
| 035 |
|
|
|a SNK000089623
|
| 040 |
|
|
|a SNK
|b slo
|c SNK
|e AACR2
|
| 041 |
0 |
|
|a rus
|
| 044 |
|
|
|a [SU]
|
| 080 |
|
|
|a 001.811
|2 1981
|
| 100 |
1 |
|
|a Aľbert, Jurij Volkovič
|4 aut
|9 510639
|
| 245 |
1 |
0 |
|a Bibliografičeskaja ssylka
|b Spravočnik
|c Jurij Volkovič Aľbert ; Red. I.Ja. Gosin
|
| 260 |
|
|
|a Kijev
|b Naukova dumka
|c 1983
|
| 300 |
|
|
|a 247, [1] s.
|c 8°
|
| 700 |
1 |
|
|a Gosin, I. Ja.
|4 kor
|9 510640
|
| 852 |
|
|
|a Slovenská národná knižnica
|
| 954 |
|
|
|a citácie bibliografické
|
| 958 |
|
|
|a RK
|
| 999 |
|
|
|c 787191
|d 789121
|
| 952 |
|
|
|a SNK
|b SNK
|y VYP
|7 0
|p 17A1349360
|o snkIC 98798
|i snkV 1195/85
|8 2
|3 Rekatalogizácia
|0 0
|1 0
|4 0
|d 2023-12-11
|l 0
|r 2026-02-24 01:24:29
|w 2026-02-24
|